| 000 | 00624nam a22002177a 4500 | ||
|---|---|---|---|
| 003 | BD-DhSAU | ||
| 005 | 20210921120537.0 | ||
| 008 | 210610b2014 bg a|||| |||| 001 0 eng d | ||
| 020 |
_a9843219767 _c283.001 |
||
| 040 | _aBD-DhSAU | ||
| 082 |
_222 _a519.52 _bIS41 |
||
| 100 | _aIslam, M. Nurul | ||
| 245 |
_aAn Introduction to Sampling Methods : Theory and Applications _cM. Nurul Islam |
||
| 260 |
_aDhaka: _bMullick and brothers; _c2014. |
||
| 300 |
_axiii, 502 p. _bill.; _c21cm. |
||
| 500 | _aIncludes index. | ||
| 650 | _aSampling Methods | ||
| 650 | _aStatistics | ||
| 700 | _4M. Nurul Islam | ||
| 942 |
_2ddc _cBOOK |
||
| 999 |
_c15277 _d15276 |
||